Deep wounds, deep healing : (Record no. 10)

MARC details
000 -LEADER
fixed length control field 01100pam a2200301 a 4500
001 - CONTROL NUMBER
control field 3942966
003 - CONTROL NUMBER IDENTIFIER
control field OSt
005 - DATE AND TIME OF LATEST TRANSACTION
control field 20180804111501.0
008 - FIXED-LENGTH DATA ELEMENTS--GENERAL INFORMATION
fixed length control field 930722s1993 miu b 001 0 eng
010 ## - LIBRARY OF CONGRESS CONTROL NUMBER
LC control number 93029660
020 ## - INTERNATIONAL STANDARD BOOK NUMBER
International Standard Book Number 0892837845 :
Terms of availability $8.99 (tent.)
040 ## - CATALOGING SOURCE
Original cataloging agency DLC
Transcribing agency DLC
Modifying agency DLC
050 00 - LIBRARY OF CONGRESS CALL NUMBER
Classification number BT732.5
Item number .K73 1993
082 00 - DEWEY DECIMAL CLASSIFICATION NUMBER
Classification number 253.5
Edition number 20
100 1# - MAIN ENTRY--PERSONAL NAME
Personal name Kraft, Charles H.
245 10 - TITLE STATEMENT
Title Deep wounds, deep healing :
Remainder of title discovering the vital link between spiritual warfare and inner healing /
Statement of responsibility, etc. Charles H. Kraft ; with Ellen Kearney and Mark H. White.
260 ## - PUBLICATION, DISTRIBUTION, ETC.
Place of publication, distribution, etc. Ann Arbor, Mich. :
Name of publisher, distributor, etc. Vine Books/Servant Publications,
Date of publication, distribution, etc. c1993.
300 ## - PHYSICAL DESCRIPTION
Extent 295 p. ;
Dimensions 21 cm.
504 ## - BIBLIOGRAPHY, ETC. NOTE
Bibliography, etc. note Includes bibliographical references (p. 285-288) and index.
650 #0 - SUBJECT ADDED ENTRY--TOPICAL TERM
Topical term or geographic name entry element Spiritual healing.
650 #0 - SUBJECT ADDED ENTRY--TOPICAL TERM
Topical term or geographic name entry element Spiritual warfare.
650 #0 - SUBJECT ADDED ENTRY--TOPICAL TERM
Topical term or geographic name entry element Pastoral counseling.
700 1# - ADDED ENTRY--PERSONAL NAME
Personal name Kearney, Ellen.
700 1# - ADDED ENTRY--PERSONAL NAME
Personal name White, Mark H.
906 ## - LOCAL DATA ELEMENT F, LDF (RLIN)
a 7
b cbc
c orignew
d 1
e ocip
f 19
g y-gencatlg
942 ## - ADDED ENTRY ELEMENTS (KOHA)
Source of classification or shelving scheme Dewey Decimal Classification
Koha item type Books
Holdings
Withdrawn status Lost status Source of classification or shelving scheme Damaged status Not for loan Home library Current library Date acquired Total Checkouts Full call number Barcode Date last seen Cost, replacement price Price effective from Koha item type
    Dewey Decimal Classification     Harvest Mission College Harvest Mission College 04.08.2018   253 K892D 001433 04.08.2018 50.00 04.08.2018 Books

OPAC Designed and Maintained by HMC Library Team.
Copyright © HMC Library,Greater Noida, UP.
For any Suggestions/Query Contact library via Email:libhmc@gmail.com